Markt-Bearbeitung in liberalisierenden RGW-Ländern. 7. <Ein> Vorschlag: Konzentration der Marketing-Kräfte in "Marketing-Transfer-Stellen".

Nedostatok odborníkov v oblasti marketingu v bývalých krajinách RVHP pri súčasnom nedostatku finančných prostriedkov väčšiny podnikov na školenie. Návrh na zriadenie "miest pre transfer marketingu", ktoré by poskytli poradenské služby. Zapojenie univerzít a vysokých škôl do transferu marketingu.

Na minha lista:
Detalhes bibliográficos
Autor principal: Strothmann, K.H
Formato: Capítulo de Livro
Idioma:alemão
Assuntos:
Tags: Adicionar Tag
Sem tags, seja o primeiro a adicionar uma tag!

MARC

LEADER 00000naa a2200000 4500
001 r003554
005 20221208122844.8
041 0 |a ger 
044 |a DE 
245 1 0 |a Markt-Bearbeitung in liberalisierenden RGW-Ländern. 7.  |b <Ein> Vorschlag: Konzentration der Marketing-Kräfte in "Marketing-Transfer-Stellen".  |c K.H. Strothmann 
520 |a Nedostatok odborníkov v oblasti marketingu v bývalých krajinách RVHP pri súčasnom nedostatku finančných prostriedkov väčšiny podnikov na školenie. Návrh na zriadenie "miest pre transfer marketingu", ktoré by poskytli poradenské služby. Zapojenie univerzít a vysokých škôl do transferu marketingu. 
610 2 0 |a trh 
610 2 0 |a pracovníci odborní 
610 2 0 |a východná Európa 
610 2 0 |a marketing 
610 2 0 |a poradenstvo profesionálne 
610 2 0 |a školy vysoké 
100 1 |a Strothmann, K.H.